| 000 | 00772nam a22002177a 4500 | ||
|---|---|---|---|
| 999 |
_c16303 _d16303 |
||
| 003 | AR-CdUCM | ||
| 008 | 190503b ||||| |||| 00| 0 spa d | ||
| 040 |
_aMUNICIPALIDAD PROVINCIAL DEL CUSCO _cBIBLIOTECA MUNICIPAL DEL CUSCO |
||
| 082 |
_a050 / _bV87 |
||
| 245 | _aVoz del magisterio primario de Canchis / | ||
| 260 |
_aSicuani : _c1949. |
||
| 300 |
_a62 paginas ; _c30 cm. |
||
| 505 | _aContenido :Nuestra primera palabra -- Pedagoia -- El problema indígena y la educación -- Breves apuntes de como afrontar el problema rural -- Psicología... | ||
| 650 |
_aEducación _9460 |
||
| 650 |
_aCusco _9772 |
||
| 650 |
_aHistoria y folklore _935670 |
||
| 650 |
_aCanchis _930110 |
||
| 650 |
_aEscuela rural _93956 |
||
| 942 |
_2ddc _cLIBROS |
||
| 945 |
_awnts _d2019-05-03 |
||